| 000 | 00509nam a2200193 a 4500 | ||
|---|---|---|---|
| 001 | 0674 | ||
| 005 | 20140414132024.0 | ||
| 008 | 040915s19uu xx 00 eng d | ||
| 020 | _a0-7336-0830-2 | ||
| 050 |
_aTR _bT71 1998 |
||
| 100 | _aKingston, Julie | ||
| 245 |
_aTree directory / _cJulie Kingston. |
||
| 260 |
_aAustralia : _bA Hodder's Childrens Book, _c1998. |
||
| 300 | _a1 v. (unp.) : ill. ; cm. | ||
| 650 |
_aBeetle _xFiction. |
||
| 650 |
_aMaps _xFiction. |
||
| 999 |
_c113520 _d113520 |
||